000 01232njm a22002537a 4500
005 20100906103543.0
007 sd ammalaaahaa
008 100906t xxu||||| |||| 00| 0 hin d
028 _aN. 52900
_bHis Master's Voice
035 _aGR-694
040 _aSED/VEN
100 _aDutt, Geeta
_918479
245 _aGhar Ghar Ki Beat :
_bhindustani /
_cby Geeta Dutt & Suman Kalyanpur ; music by Kalyanji Virji Shah; lyric by Gulahan
_h[sound recording] :
246 _aघर घर की बात (गीता दत्त ओर सुमन कल्यानपुर)
260 _aDum Dum, India
_bHis Master's Voice
300 _a1 sound disc [Gramophone record]:
_banalog, 33. 1/3 rpm
_c10 in
_fGramophone record
500 _aBrief record.
505 _aSabko Bhagvan Dekh Rha Tu (Ghar Ghar Ki Beat)(Geeta Dutt) सबको भगवन देख रहा तू भाग १ , Upar Wale Ne Jaldi Me (Mohd. Rafi) ऊपर वाले ने जल्दी में भाग २
650 _aClassical Music
_xExcerpts
_zIndia
_918480
700 _aSuman Kalyanpur
_918481
700 _aMohd. Rafi
_918482
942 _2ddc
_cGR
999 _c43883
_d43883